| 000 | 00341nam a2200133Ia 4500 | ||
|---|---|---|---|
| 008 | 230917s9999||||xx |||||||||||||| ||und|| | ||
| 040 |
_e205258 _aMAIN |
||
| 041 | _aEnglish | ||
| 082 | _a823.09 M471F | ||
| 100 | _aMeenu | ||
| 245 | 0 | _aFrom alienation to affirmation: A study of Shashi Dashpande's novels | |
| 300 | _a228 p. | ||
| 942 | _cTH | ||
| 999 |
_c125708 _d125708 |
||